| 000 | 00636nam a2200229Ia 4500 | ||
|---|---|---|---|
| 003 | OSt | ||
| 005 | 20251216154018.0 | ||
| 008 | 210210b2013 xxu||||| |||| 00| 0 eng d | ||
| 020 | _a9788128022333 | ||
| 040 | _cAL | ||
| 041 | _aKannada | ||
| 082 | _a954.87K NAGH | ||
| 100 |
_aHAMPA NAGARAJAYYA _dಹಂಪ ನಾಗರಾಜಯ್ಯ _9249318 |
||
| 245 |
_aHombujada vaibhava _bಹೊಂಬುಜದ ವೈಭವ |
||
| 260 |
_aBengaLUru _bSapna Buk Haus _c2013 |
||
| 300 | _avi,451 | ||
| 650 |
_avaibhava _9249319 |
||
| 650 |
_aHombujada _9249320 |
||
| 690 |
_aKarnataka History _9249321 |
||
| 906 | _a068341 | ||
| 942 |
_2ddc _cBK |
||
| 999 |
_c152636 _d152636 |
||